| 000 | 00726nam a22001937a 4500 | ||
|---|---|---|---|
| 999 |
_c60846 _d60846 |
||
| 005 | 20231107114803.0 | ||
| 008 | 231107s2016 gw ||||| |||| 00| 0 ger d | ||
| 020 | _a9783811442634 | ||
| 041 | _ager | ||
| 080 | _a343.7 H-66 | ||
| 100 |
_aHillenkamp, Thomas _920297 |
||
| 245 |
_aStrafrecht Besonderer Teil 2 : _bStraftaten gegen Vermögenswerte. Mit ebook: Lehrbuch, Entscheidungen, Gesetzestexte / _cThomas Hillenkamp. |
||
| 264 |
_aHeidelberg, _bC.F. Müller, _c2016. |
||
| 300 |
_a519 p. ; _b24 cm. |
||
| 653 | _aდანაშაული | ||
| 653 | _aსამართლებრივი ტექსტები | ||
| 653 | _aსისხლის სამართალი | ||
| 942 |
_2udc _cᲬᲘᲒᲜᲘ |
||